000 01517nam a2200361 a 4500
001 vtls003236961
003 MY-SjTCS
005 20200226110606.0
006 m u
007 cr cn|||||||||
008 120829s2009 stk sb 001 0 eng
010 _z2009-675443
020 _z9780748635092 (hbk.)
020 _z0748635092 (hbk.)
020 _z9780748635108 (e-book)
035 _a(OCoLC)649907875
035 _a(CaPaEBR)ebr10391761
039 9 _y201208291056
_zwilmina
040 _aCaPaEBR
_cCaPaEBR
050 1 4 _aPR478.M6
_bI58 2009eb
082 0 4 _a820.900914
_222
245 0 0 _aIntermodernism
_h[electronic resource] :
_bliterary culture in mid-twentieth-century Britain /
_cedited by Kristin Bluemel.
260 _aEdinburgh :
_bEdinburgh University Press,
_cc2009.
300 _avii, 254 p. ;
_c24 cm.
504 _aIncludes bibliographical references and index.
505 0 _apt. 1. Work -- pt. 2. Community -- pt. 3. War -- pt. 4. Documents.
533 _aElectronic reproduction.
_bPalo Alto, Calif. :
_cebrary,
_d2010.
_nAvailable via World Wide Web.
_nAccess may be limited to ebrary affiliated libraries.
650 0 _aEnglish literature
_y20th century
_xHistory and criticism.
_916553
655 7 _aElectronic books.
_2local
700 1 _aBluemel, Kristin.
710 2 _aebrary, Inc.
_925628
856 4 0 _uhttps://ezproxy.taylors.edu.my/login?url=http://site.ebrary.com/lib/taylorscollege/Doc?id=10391761
_zAn electronic book accessible through the World Wide Web; click to view
999 _c69425